000 00541nam a2200169Ia 4500
003 GCL
008 140319s9999 xx 000 0 ara d
040 _aGCL /
_cGCL
082 0 4 _a816.03
_bى م
100 1 _aيوسف حمدى يكن
245 1 0 _aمنكر ونكير : خيال يرسم الحقائق (هديه من الآديب عبدالفتاح الجمل) /
_cيوسف حمدى يكن
300 _a119
490 _aكتاب
_v0
650 0 4 _aالادب العربى
650 0 4 _aالرسائل العربية
942 _2ddc
_cBK
999 _c42126
_d42126